000 00371nam a22001457a 4500
005 20200606131329.0
008 200606b xxu||||| |||| 00| 0 eng d
082 _a345.4
110 _aA.I.R
_95791
245 _aALL INDIA REPORTER 1997 (V-84) ORISSA SECTION
260 _aMUMBAI
_bALL INDIA REPORTER PVT. LTD
300 _a320;p
650 _aLAW
_95701
942 _cJRL
999 _c6859
_d6857